00474nam a2200169Ia 4500003000400000005001700004008004100021040000900062082001700071100002400088245006600112260005100178300000900229650001100238942004000249999001500289OSt20200923111247.0190216s9999||||xx |||||||||||||| ||und|| coclc a581.3bMAH/I aMaheshwari, P94843 0aIntroduction To The Embryology Of Angiosperms /cP Maheshwari bTata Mcgrawhill Publishers,c1950.aNew Delhi: a453p aBotany cBK2ddch581.3iMAH/Ik581.3mMAH/I c1150d1150